The Raven by Edgar Allan Poe (Part 3) Quiz Stats

 Plays Quiz not verified by Sporcle

Challenge
Share
Tweet
Embed
Score 0/286 Timer 10:00
0 Plays Today
Hint Answer % Correct
Stanza 11'Never-
100%
Stanza 10the
99.2%
Stanza 10the
99.2%
Stanza 10a
99.2%
Stanza 10I
99.2%
Stanza 10the
99.2%
Stanza 10the
99.2%
Stanza 11the
99.2%
Stanza 11I,
99.2%
Stanza 11the
99.2%
Stanza 12the
99.2%
Stanza 12I
99.2%
Stanza 12a
99.2%
Stanza 13I
99.2%
Stanza 13the
99.2%
Stanza 13I
99.2%
Stanza 13the
99.2%
Stanza 13the
99.2%
Stanza 13the
99.2%
Stanza 14the
99.2%
Stanza 14the
99.2%
Stanza 14I
99.2%
Stanza 14the
99.2%
Stanza 10raven,
98.4%
Stanza 10'Nevermore.'
98.4%
Stanza 11nevermore.''
98.4%
Stanza 12Raven
98.4%
Stanza 12'Nevermore.'
98.4%
Stanza 13nevermore!
98.4%
Stanza 14Raven,
98.4%
Stanza 14'Nevermore.'
98.4%
Stanza 11of
97.6%
Stanza 11Of
97.6%
Stanza 12of
97.6%
Stanza 12of
97.6%
Stanza 12of
97.6%
Stanza 14of
97.6%
Stanza 14an
96.8%
Stanza 10on
96%
Stanza 10in
96%
Stanza 10On
96%
Stanza 10me,
96%
Stanza 10my
96%
Stanza 12my
96%
Stanza 12in
96%
Stanza 12in
96%
Stanza 13in
96%
Stanza 13my
96%
Stanza 13my
96%
Stanza 13On
96%
Stanza 14on
96%
Stanza 10as
95.2%
Stanza 10as
95.2%
Stanza 11and
95.2%
Stanza 11and
95.2%
Stanza 12and
95.2%
Stanza 12and
95.2%
Stanza 12and
95.2%
Stanza 13and
95.2%
Stanza 14and
95.2%
Stanza 14and
95.2%
Stanza 10bust,
94.4%
Stanza 10That
94.4%
Stanza 10that
94.4%
Stanza 10he
94.4%
Stanza 10he
94.4%
Stanza 10he
94.4%
Stanza 10more
94.4%
Stanza 10he
94.4%
Stanza 10bird
94.4%
Stanza 10said,
94.4%
Stanza 11said
94.4%
Stanza 11that
94.4%
Stanza 12bird,
94.4%
Stanza 12bust
94.4%
Stanza 12bird
94.4%
Stanza 12bird
94.4%
Stanza 13more
94.4%
Stanza 13that
94.4%
Stanza 14he
94.4%
Stanza 10then
93.7%
Stanza 10then
93.7%
Stanza 10Then
93.7%
Stanza 11so
93.7%
Stanza 11is
93.7%
Stanza 14Then,
93.7%
Stanza 10But
92.9%
Stanza 10one
92.9%
Stanza 10his
92.9%
Stanza 10one
92.9%
Stanza 11his
92.9%
Stanza 11one
92.9%
Stanza 11his
92.9%
Stanza 12But
92.9%
Stanza 12this
92.9%
Stanza 12this
92.9%
Hint Answer % Correct
Stanza 13This
92.9%
Stanza 13but
92.9%
Stanza 13This
92.9%
Stanza 13But
92.9%
Stanza 14this
92.9%
Stanza 14this
92.9%
Stanza 14Quoth
92.9%
Stanza 11it
92.1%
Stanza 13no
92.1%
Stanza 10word,
91.3%
Stanza 10if
91.3%
Stanza 10word
91.3%
Stanza 10have
91.3%
Stanza 10have
91.3%
Stanza 11its
91.3%
Stanza 10did
90.5%
Stanza 10before-
90.5%
Stanza 10will
90.5%
Stanza 10before.'
90.5%
Stanza 11at
90.5%
Stanza 11by
90.5%
Stanza 11master
90.5%
Stanza 12into
90.5%
Stanza 12door;
90.5%
Stanza 13into
90.5%
Stanza 13at
90.5%
Stanza 14by
90.5%
Stanza 14by
90.5%
Stanza 10soul
89.7%
Stanza 10not
89.7%
Stanza 12still
89.7%
Stanza 12all
89.7%
Stanza 14Lenore;
89.7%
Stanza 14Lenore!
89.7%
Stanza 10outpour.
88.1%
Stanza 10than
88.1%
Stanza 10leave
88.1%
Stanza 11'what
88.1%
Stanza 11from
88.1%
Stanza 12what
88.1%
Stanza 12What
88.1%
Stanza 14from
88.1%
Stanza 14from
88.1%
Stanza 10sitting
87.3%
Stanza 10friends
87.3%
Stanza 10flown
87.3%
Stanza 10morrow
87.3%
Stanza 10flown
87.3%
Stanza 11fast
87.3%
Stanza 10only
86.5%
Stanza 11only
86.5%
Stanza 11store
86.5%
Stanza 11whom
86.5%
Stanza 13sat
86.5%
Stanza 13sat
86.5%
Stanza 14'thy
86.5%
Stanza 14thy
86.5%
Stanza 10Hopes
85.7%
Stanza 11stock
85.7%
Stanza 11some
85.7%
Stanza 11Followed
85.7%
Stanza 11followed
85.7%
Stanza 11faster
85.7%
Stanza 14thee-
85.7%
Stanza 14thee
85.7%
Stanza 10spoke
84.9%
Stanza 10Till
84.9%
Stanza 10'Other
84.9%
Stanza 11unhappy
84.9%
Stanza 11till
84.9%
Stanza 11Till
84.9%
Stanza 12front
84.9%
Stanza 14sent
84.9%
Stanza 14lost
84.9%
Stanza 11Disaster
84.1%
Stanza 13shall
84.1%
Stanza 12cushioned
83.3%
Stanza 12yore-
83.3%
Stanza 12yore
83.3%
Stanza 14hath
83.3%
Stanza 14hath
83.3%
Stanza 10Nothing
82.5%
Stanza 10muttered
82.5%
Stanza 11Hope
82.5%
Stanza 12beguiling
82.5%
Stanza 12seat
82.5%
Stanza 14God
82.5%
Stanza 10uttered-
81.7%
Stanza 12fancy
81.7%
Stanza 12Fancy
81.7%
Stanza 12fancy,
81.7%
Stanza 14nepenthe
81.7%
Stanza 14nepenthe
81.7%
Stanza 10fluttered-
81%
Stanza 11dirges
81%
Stanza 14these
81%
Hint Answer % Correct
Stanza 14angels
81%
Stanza 10feather
80.2%
Stanza 12smiling,
80.2%
Stanza 12grim,
80.2%
Stanza 10placid
79.4%
Stanza 12Meant
79.4%
Stanza 13eyes
79.4%
Stanza 13with
79.4%
Stanza 13with
79.4%
Stanza 13She
79.4%
Stanza 14lent
79.4%
Stanza 11spoken,
78.6%
Stanza 13velvet
78.6%
Stanza 13velvet-violet
78.6%
Stanza 14memories
78.6%
Stanza 11stillness
77.8%
Stanza 11broken
77.8%
Stanza 12croaking,
77.8%
Stanza 10scarcely
77%
Stanza 11aptly
77%
Stanza 12wheeled
77%
Stanza 13ah,
77%
Stanza 14Quaff,
77%
Stanza 14quaff
77%
Stanza 12ghastly,
76.2%
Stanza 14Seraphim
76.2%
Stanza 14oh
76.2%
Stanza 10farther
75.4%
Stanza 11bore-
75.4%
Stanza 11bore
75.4%
Stanza 13divining,
75.4%
Stanza 13press,
75.4%
Stanza 11reply
74.6%
Stanza 14forget
74.6%
Stanza 13reclining
73.8%
Stanza 13lining
73.8%
Stanza 13o'er
73.8%
Stanza 13o'er
73.8%
Stanza 14cried,
73.8%
Stanza 11utters
73%
Stanza 12ungainly,
73%
Stanza 13fowl
73%
Stanza 13head
73%
Stanza 13lamp-light
73%
Stanza 13lamp-light
73%
Stanza 14floor.
73%
Stanza 10lonely
72.2%
Stanza 11unmerciful
71.4%
Stanza 12thinking
71.4%
Stanza 13To
71.4%
Stanza 14air
71.4%
Stanza 14grew
71.4%
Stanza 14foot-falls
71.4%
Stanza 11songs
70.6%
Stanza 13whose
70.6%
Stanza 13burned
70.6%
Stanza 13whose
70.6%
Stanza 14denser,
70.6%
Stanza 14whose
70.6%
Stanza 14tufted
70.6%
Stanza 12gaunt,
69.8%
Stanza 13cushion's
69.8%
Stanza 14methought,
69.8%
Stanza 11burden
69%
Stanza 11burden
69%
Stanza 12Straight
69%
Stanza 14unseen
69%
Stanza 14censer
69%
Stanza 14Respite-
69%
Stanza 14respite
69%
Stanza 11Startled
68.3%
Stanza 11Caught
68.3%
Stanza 12ominous
68.3%
Stanza 12ominous
68.3%
Stanza 14perfumed
68.3%
Stanza 13now
67.5%
Stanza 14'Wretch,'
67.5%
Stanza 12unto
66.7%
Stanza 13gloating
66.7%
Stanza 14Swung
66.7%
Stanza 14tinkled
66.7%
Stanza 13core;
65.9%
Stanza 13bosom's
65.1%
Stanza 11melancholy
64.3%
Stanza 13fiery
64.3%
Stanza 13ease
64.3%
Stanza 13gloated
64.3%
Stanza 14kind
64.3%
Stanza 11'Doubtless,'
59.5%
Stanza 13syllable
55.6%
Stanza 13expressing
53.2%
Stanza 13engaged
52.4%
Stanza 13guessing,
52.4%
Stanza 13
37.3%

You're not logged in!

Compare scores with friends on all Sporcle quizzes.
Join for Free
OR
Log In

You Might Also Like...

Show Comments

Extras

Created Mar 16, 2017ReportNominate
Tags:Poem Quiz, classic, poe, poetry

Top Quizzes Today


Score Distribution

Your Account Isn't Verified!

In order to create a playlist on Sporcle, you need to verify the email address you used during registration. Go to your Sporcle Settings to finish the process.

Report this User

Report this user for behavior that violates our Community Guidelines.

Details: